Wybierz gminy graniczące z gminą Orzesze - Statystyki

Ogólne statystyki
  • Ten quiz został rozwiązany 8 razy
  • Średni wynik to 12 z 16
Statystyki odpowiedzi
Zagadnienie Komórka Select % Poprawnych
gminy graniczące z gminą Orzesze Knurów Nie
100%
gminy graniczące z gminą Orzesze Pawłowice Nie
100%
gminy graniczące z gminą Orzesze Ruda Śląska Nie
100%
gminy graniczące z gminą Orzesze Rybnik Nie
100%
gminy graniczące z gminą Orzesze Świerklany Nie
100%
gminy graniczące z gminą Orzesze Wyry Tak
100%
gminy graniczące z gminą Orzesze Łaziska Górne Tak
80%
gminy graniczące z gminą Orzesze Strumień Nie
80%
gminy graniczące z gminą Orzesze Tychy Nie
80%
gminy graniczące z gminą Orzesze Czerwionka Leszczyny Tak
60%
gminy graniczące z gminą Orzesze Gierałtowice Nie
60%
gminy graniczące z gminą Orzesze Mikołów Tak
60%
gminy graniczące z gminą Orzesze Suszec Tak
60%
gminy graniczące z gminą Orzesze Żory Tak
60%
gminy graniczące z gminą Orzesze Kobiór Tak
40%
gminy graniczące z gminą Orzesze Ornontowice Tak
40%
Nie znaleziono quizów pasujących do podanych kryteriów
Rozkład punktacji
Procent ludzi z każdym wynikiem
Percentyl według liczby udzielonych odpowiedzi
Twoja historia wyników
Nie rozwiązałeś tego quizu